Uczestnicy Sabotażysty - Statystyki

Ogólne statystyki
  • Ten quiz został rozwiązany 27 razy
  • Średni wynik to 16 z 34
Statystyki odpowiedzi
Edycja Uczestnik % Poprawnych
Sezon 3 Gimper
95%
Sezon 3 Patec
89%
Sezon 3 Góral
84%
Sezon 3 Kaluch
79%
Sezon 3 Martirenti
79%
Sezon 3 Prawo Marcina
79%
Sezon 1 & 2 Glencu
74%
Sezon 3 Kubańczyk
74%
Sezon 2 Łatwogang
68%
Sezon 3 Oski
68%
Sezon 2 AJ
58%
Sezon 2 Jeleniewska
53%
Sezon 3 Julia Machunik
53%
Sezon 3 Marcel Wasiluk
53%
Sezon 1 Szumi
53%
Sezon 3 Dominika Rybak
47%
Sezon 2 Nieuczesana
47%
Sezon 1 Czajnik
42%
Sezon 1 Kasix
42%
Sezon 1 Marek Wita
42%
Sezon 2 Nowciax
42%
Sezon 3 Karolina Byrgiel
37%
Sezon 2 Konopskyy
37%
Sezon 2 Julia Żugaj
32%
Sezon 1 Marcin Dubiel
32%
Sezon 2 Ojwojtek
32%
Sezon 2 Kaja Soboń
26%
Sezon 2 Kinderski
21%
Sezon 1 Monika Kociołek
21%
Sezon 2 Nadia Długosz
21%
Sezon 1 Sheeya
21%
Sezon 1 Fausti
11%
Sezon 1 Toffiki
11%
Sezon 1 Yoshi
11%
Nie znaleziono quizów pasujących do podanych kryteriów
Rozkład punktacji
Procent ludzi z każdym wynikiem
Percentyl według liczby udzielonych odpowiedzi
Twoja historia wyników
Nie rozwiązałeś tego quizu